000 00713nam a2200289Ia 4500
005 20260324132324.0
008 008 260324s9999 xx 000 0 eng d
020 _a9781315632544
037 _aEBOOK
040 _aCRL
040 _beng
040 _cCRL
041 _2eng
041 _aeng
084 _qCRL
100 _aWilliam H. Swatos Jr; Lutz Kaelber
_91188842
245 4 _aThe Protestant Ethic Turns 100
245 0 _bEssays on the Centenary of the Weber Thesis
260 _bTaylor and Francis
260 _c2005
365 _a
365 _b315
856 _uhttp://www.taylorfrancis.com/books/9781315632544
942 _cEBOOK
999 _c1786856
_d1786856